[Event "Junior Online 4NCL Division 5"]
[Site "online"]
[Date "2021.03.18"]
[EventDate "2021.03.18"]
[Round "5.326"]
[White "Degun, Rubind"]
[WhiteElo "883"]
[WhiteTeam "Uxbridge Juniors Dynamos"]
[Black "Arora, Bukkan"]
[BlackElo "1000"]
[BlackTeam "Surrey Kings 3"]
[Result "0-1"]
[PlyCount "22"]

1. e3 e5 2. Nf3 Nc6 3. Bc4 Bc5 4. Qe2 d6 5. Qd3 Bg4 6. Qf5 Bxf5 7. Nxe5 Nxe5 8. Bxf7+ Nxf7 9. O-O Qg5 10. g4 Bxg4 11. d3 Bf3# 0-1

[Event "Junior Online 4NCL Division 5"]
[Site "online"]
[Date "2021.03.18"]
[EventDate "2021.03.18"]
[Round "5.327"]
[White "Flanders, William"]
[WhiteElo "907"]
[WhiteTeam "Surrey Kings 3"]
[Black "Bhargava, Arnav"]
[BlackElo "737"]
[BlackTeam "Uxbridge Juniors Dynamos"]
[Result "0-1"]
[PlyCount "108"]

1. e4 c5 2. Nf3 Nc6 3. Nc3 e6 4. d4 Nf6 5. e5 Ng8 6. Be3 Be7 7. dxc5 f6 8. exf6 Bxf6 9. Rb1 Nge7 10. Be2 O-O 11. O-O Ng6 12. Ne4 Be7 13. Ng3 b6 14. cxb6 axb6 15. Bd3 Nb4 16. Bxg6 hxg6 17. a3 Na6 18. Ne5 d6 19. Nxg6 Kf7 20. Nxf8 Kxf8 21. Qf3+ Ke8 22. Qxa8 Nc7 23. Qa4+ Bd7 24. Qh4 Bxh4 25. Bxb6 Qc8 26. Bxc7 Qxc7 27. Rbc1 Bb5 28. Rfd1 Be2 29. Nxe2 d5 30. g3 Bg5 31. f4 Bf6 32. Kg2 Qc6 33. Nd4 Qa4 34. Nxe6 Qe4+ 35. Kg1 Qxe6 36. Re1 Bd4+ 37. Kh1 Be3 38. Rxe3 Qxe3 39. Rd1 Qf3+ 40. Kg1 Qxd1+ 41. Kg2 Qxc2+ 42. Kh3 Qf5+ 43. g4 Qxf4 44. Kh4 d4 45. h3 d3 46. b3 d2 47. a4 d1=Q 48. a5 Qe1+ 49. Kh5 Qee5+ 50. Kg6 Qff6+ 51. Kh7 Qee7 52. g5 Qxg5 53. h4 Qxh4+ 54. Kg8 Qf8# 0-1

[Event "Junior Online 4NCL Division 5"]
[Site "online"]
[Date "2021.03.18"]
[EventDate "2021.03.18"]
[Round "5.328"]
[White "Chopra, Nipun"]
[WhiteElo "737"]
[WhiteTeam "Uxbridge Juniors Dynamos"]
[Black "Salguero, Santiago"]
[BlackElo "927"]
[BlackTeam "Surrey Kings 3"]
[Result "0-1"]
[PlyCount "62"]

1. e4 e5 2. Bc4 Nf6 3. Qf3 Nc6 4. a3 Bc5 5. Ba2 Nd4 6. Qd3 d5 7. Nf3 Nxf3+ 8. Qxf3 Nxe4 9. Nc3 c6 10. Nxe4 O-O 11. Nxc5 Qb6 12. c3 Qxc5 13. Bb1 Qc4 14. Qh3 Bxh3 15. gxh3 Rae8 16. b3 Qxb3 17. c4 dxc4 18. Ra2 Qxb1 19. O-O Qxa2 20. d3 cxd3 21. f4 exf4 22. Bxf4 Re2 23. Rf2 Qa1+ 24. Kg2 Qe1 25. Kf3 Qxf2+ 26. Kg4 Qg2+ 27. Kf5 Qxh3+ 28. Kg5 Rf2 29. Bd6 Qg2+ 30. Kh5 Rf3 31. h4 Qg6# 0-1

[Event "Junior Online 4NCL Division 5"]
[Site "online"]
[Date "2021.03.18"]
[EventDate "2021.03.18"]
[Round "5.332"]
[White "Squirrell, Baxter"]
[WhiteElo "880"]
[WhiteTeam "Young Dragons D"]
[Black "Syposz, Iza"]
[BlackElo "1007"]
[BlackTeam "Cambridge Chess & Go C"]
[Result "0-1"]
[PlyCount "140"]

1. e4 e5 2. Nf3 Nc6 3. Bc4 Nf6 4. Ng5 Qe7 5. Nxf7 Rg8 6. Nc3 d6 7. f3 Be6 8. Bxe6 Qxe6 9. Ng5 Qd7 10. d3 O-O-O 11. Nb5 a6 12. Na3 h6 13. Nh3 g5 14. c3 d5 15. Qb3 Na5 16. Qd1 dxe4 17. fxe4 Bxa3 18. bxa3 Ng4 19. O-O Rgf8 20. d4 exd4 21. cxd4 Nc4 22. Nxg5 Nge3 23. Qb3 Nxf1 24. Qxc4 hxg5 25. Bxg5 Qxd4+ 26. Qxd4 Rxd4 27. Bh6 Rf7 28. h4 Rxe4 29. h5 Rh4 30. Rxf1 Rxf1+ 31. Kxf1 Rxh5 32. Bc1 Rh1+ 33. Kf2 Rd1 34. Bf4 Rc1 35. g4 Rc4 36. Be3 Rxg4 37. Kf3 Ra4 38. Bc1 b5 39. Ke3 c5 40. Kd3 c4+ 41. Kc3 a5 42. Kd4 b4 43. axb4 Rxb4 44. Bd2 Rb2 45. Bxa5 Rxa2 46. Be1 Ra4 47. Kc3 Kb7 48. Bf2 Kc6 49. Kd4 c3+ 50. Kxc3 Re4 51. Kd3 Ra4 52. Kc3 Rf4 53. Be3 Rf3 54. Kd3 Kd5 55. Ke2 Rh3 56. Bg1 Ke4 57. Kf2 Ra3 58. Ke2 Ra2+ 59. Kd1 Kd3 60. Ke1 Ke4 61. Kf1 Kf3 62. Ke1 Ke4 63. Kf1 Kd3 64. Ke1 Kc3 65. Kf1 Ra1+ 66. Kf2 Kd3 67. Kg2 Ra2+ 68. Kf1 Ke4 69. Ke1 Kf3 70. Kf1 Ra1# 0-1

[Event "Junior Online 4NCL Division 5"]
[Site "online"]
[Date "2021.03.18"]
[EventDate "2021.03.18"]
[Round "5.333"]
[White "Mole, Tommy"]
[WhiteElo "1000"]
[WhiteTeam "Cambridge Chess & Go C"]
[Black "Dafydd, Gruff"]
[BlackElo "700"]
[BlackTeam "Young Dragons D"]
[Result "1-0"]
[PlyCount "77"]

1. e4 e5 2. Bc4 Qh4 3. Qf3 Nf6 4. d3 Bb4+ 5. c3 Bc5 6. g3 Qh5 7. b4 Qxf3 8. Nxf3 Bb6 9. O-O O-O 10. Nxe5 d5 11. exd5 Bh3 12. Re1 Bc8 13. b5 Nfd7 14. Nxd7 Bxd7 15. Ba3 c5 16. d4 Re8 17. Rxe8+ Bxe8 18. dxc5 Ba5 19. Bb4 Bxb4 20. cxb4 b6 21. Nc3 Bd7 22. c6 Bh3 23. Re1 g6 24. Re8+ Kg7 25. c7 Nc6 26. Rxa8 Ne7 27. d6 Nc8 28. Rxc8 Bxc8 29. Nd5 Be6 30. Ne7 Bxc4 31. c8=Q Be6 32. Qg8+ Kh6 33. Nd5 Bxd5 34. d7 Bxa2 35. d8=Q f6 36. Qxa2 f5 37. Qh4+ Kg7 38. Qe6 Kf8 39. Qhf6# 1-0

[Event "Junior Online 4NCL Division 5"]
[Site "online"]
[Date "2021.03.18"]
[EventDate "2021.03.18"]
[Round "5.334"]
[White "Caesar, Amelie"]
[WhiteElo "653"]
[WhiteTeam "Young Dragons D"]
[Black "Vysohlid, Peter"]
[BlackElo "886"]
[BlackTeam "Cambridge Chess & Go C"]
[Result "1-0"]
[PlyCount "85"]

1. e4 c5 2. Nf3 d6 3. Nc3 a6 4. d4 cxd4 5. Nxd4 Nf6 6. Nf3 g6 7. Be2 Bg7 8. O-O O-O 9. Re1 Nc6 10. Bg5 Be6 11. h3 d5 12. e5 h6 13. exf6 hxg5 14. fxg7 Kxg7 15. Nxg5 Qd7 16. Nxe6+ Qxe6 17. Bxa6 Ne5 18. Bxb7 Rab8 19. Bxd5 Qf5 20. Be4 Qf6 21. Nd5 Qe6 22. Nc7 Qc4 23. Nd5 Rxb2 24. Nxe7 Qc3 25. Nd5 Qc4 26. Qc1 Qd4 27. c3 Qxf2+ 28. Kh1 f5 29. Rf1 Qe2 30. Nf4 Nd3 31. Bxd3 Qe3 32. Qxe3 Rfb8 33. Qe7+ Kh6 34. Qh4+ Kg7 35. Ne6+ Kf7 36. Bc4 Rb1 37. Raxb1 Rxb1 38. Rxb1 g5 39. Nxg5+ Kf6 40. Qh6+ Ke5 41. Re1+ Kf4 42. Nf3+ Kg3 43. Qh4# 1-0

[Event "Junior Online 4NCL Division 5"]
[Site "online"]
[Date "2021.03.18"]
[EventDate "2021.03.18"]
[Round "5.336"]
[White "Syposz, Iza"]
[WhiteElo "1007"]
[WhiteTeam "Cambridge Chess & Go C"]
[Black "Squirrell, Baxter"]
[BlackElo "880"]
[BlackTeam "Young Dragons D"]
[Result "1/2-1/2"]
[PlyCount "220"]

1. e4 e5 2. Nf3 Nc6 3. Bb5 Nf6 4. O-O Nd4 5. Nxd4 exd4 6. c3 dxc3 7. bxc3 Nxe4 8. Re1 f5 9. d3 c6 10. Bc4 d5 11. Bb3 Be7 12. dxe4 fxe4 13. Bf4 Bg5 14. Bxg5 Qxg5 15. h3 O-O 16. Re3 Qf4 17. Qd2 Be6 18. Na3 Rf7 19. g3 Qf6 20. c4 dxc4 21. Bxc4 Bxc4 22. Nxc4 b5 23. Na5 Qxa1+ 24. Kg2 Qf6 25. Rxe4 Rd8 26. Qe2 Rdf8 27. f4 Qd8 28. Nxc6 Qd5 29. Nb4 Qc5 30. a3 a5 31. Nc2 b4 32. axb4 axb4 33. Nxb4 Rb7 34. Nd3 Qc3 35. h4 Rc7 36. Ne5 Qc2 37. Qxc2 Rxc2+ 38. Kh3 Rc5 39. Nd7 Rcc8 40. Nxf8 Rxf8 41. h5 Kf7 42. g4 Kf6 43. g5+ Kf5 44. Ra4 g6 45. hxg6 hxg6 46. Kg3 Ke6 47. Ra6+ Kf5 48. Ra4 Rf7 49. Ra5+ Ke4 50. Re5+ Kd4 51. Re6 Rg7 52. Rd6+ Ke4 53. Kg4 Ke3 54. f5 gxf5+ 55. Kxf5 Kf3 56. g6 Kg3 57. Kf6 Ra7 58. g7 Ra8 59. Kf7 Kh4 60. g8=Q Rxg8 61. Kxg8 Kg5 62. Kg7 Kf5 63. Kf7 Ke5 64. Ke7 Kf5 65. Kf7 Ke5 66. Re6+ Kd5 67. Ke7 Kd4 68. Kd6 Kd3 69. Re5 Kd4 70. Rd5+ Ke4 71. Ke6 Ke3 72. Ke5 Kf3 73. Rd4 Ke3 74. Ra4 Kd3 75. Kd5 Kc3 76. Kc5 Kd3 77. Rd4+ Ke3 78. Kc4 Ke2 79. Re4+ Kf3 80. Rd4 Ke3 81. Kc3 Ke2 82. Kc2 Ke3 83. Kc3 Ke2 84. Rd3 Kf2 85. Kd2 Kg2 86. Re3 Kf2 87. Rd3 Kg2 88. Ke2 Kg1 89. Re3 Kg2 90. Ke1 Kg1 91. Re2 Kh1 92. Rf2 Kg1 93. Re2 Kh1 94. Rd2 Kg1 95. Ke2 Kg2 96. Ke3+ Kg3 97. Ke4 Kg4 98. Rg2+ Kh5 99. Kf4 Kh6 100. Kf5 Kh5 101. Rg5+ Kh4 102. Rg4+ Kh5 103. Rg5+ Kh4 104. Rg1 Kh5 105. Kf6 Kh4 106. Kg6 Kh3 107. Kg5 Kh2 108. Rg4 Kh3 109. Kh5 Kh2 110. Rg3 Kxg3 1/2-1/2

[Event "Junior Online 4NCL Division 5"]
[Site "online"]
[Date "2021.03.18"]
[EventDate "2021.03.18"]
[Round "5.337"]
[White "Dafydd, Gruff"]
[WhiteElo "700"]
[WhiteTeam "Young Dragons D"]
[Black "Mole, Tommy"]
[BlackElo "1000"]
[BlackTeam "Cambridge Chess & Go C"]
[Result "0-1"]
[PlyCount "54"]

1. Nf3 d5 2. Nc3 Nc6 3. Nxd5 Qxd5 4. Nh4 e5 5. Nf5 Bxf5 6. e4 Qxe4+ 7. Be2 Bg4 8. f3 Qd5 9. fxg4 Qxg2 10. Rf1 Qxh2 11. Bb5 Qh4+ 12. Rf2 O-O-O 13. Bd3 Nd4 14. Bf5+ Nxf5 15. gxf5 g6 16. Qe2 Re8 17. Qb5 c6 18. Qc5 Bxc5 19. d4 Bxd4 20. Bg5 Qxf2+ 21. Kd1 Be3 22. Bxe3 Qxe3 23. c3 Rd8+ 24. Kc2 Qd3+ 25. Kb3 b5 26. Re1 Qc4+ 27. Ka3 Qa4# 0-1

[Event "Junior Online 4NCL Division 5"]
[Site "online"]
[Date "2021.03.18"]
[EventDate "2021.03.18"]
[Round "5.338"]
[White "Vysohlid, Peter"]
[WhiteElo "886"]
[WhiteTeam "Cambridge Chess & Go C"]
[Black "Caesar, Amelie"]
[BlackElo "653"]
[BlackTeam "Young Dragons D"]
[Result "0-1"]
[PlyCount "107"]

1. e4 e5 2. Nf3 Nc6 3. Bb5 Nf6 4. O-O Bb4 5. Bxc6 dxc6 6. c3 Bc5 7. d4 Bb6 8. Nbd2 O-O 9. Nc4 Be6 10. b3 Bxc4 11. bxc4 Ba5 12. Nxe5 Nxe4 13. Bd2 Re8 14. Nf3 Nf6 15. Re1 b6 16. Rxe8+ Qxe8 17. Ne5 c5 18. Be3 Bxc3 19. Rc1 Bb2 20. Rc2 Ba3 21. Bc1 Bb4 22. a3 Ba5 23. Bd2 cxd4 24. Bxa5 bxa5 25. Qxd4 h6 26. Re2 Rb8 27. f3 Rb1+ 28. Kf2 Qe6 29. Qxa7 c6 30. c5 Qd5 31. Qxa5 Qd4+ 32. Re3 Rb2+ 33. Kg3 Nh5+ 34. Kh3 Qxe3 35. Qa8+ Kh7 36. Nxf7 Qe6+ 37. Kh4 Qf6+ 38. Kxh5 Qxf7+ 39. Kg4 Qe6+ 40. Kg3 Qe5+ 41. Kh3 Qxc5 42. Qe8 Qh5+ 43. Kg3 g5 44. Qxh5 Rb5 45. Qf7+ Kh8 46. f4 gxf4+ 47. Kxf4 c5 48. Qf8+ Kh7 49. Kf5 c4+ 50. Kf6 Rb7 51. a4 c3 52. Qc5 Ra7 53. Qxa7+ Kh8 54. Qg7# 0-1

[Event "Junior Online 4NCL Division 5"]
[Site "online"]
[Date "2021.03.18"]
[EventDate "2021.03.18"]
[Round "5.341"]
[White "Shaktawat, Shaurya"]
[WhiteElo "845"]
[WhiteTeam "Manchester Juniors G"]
[Black "O'Donnell, Donal"]
[BlackElo "700"]
[BlackTeam "St. Laurence's BNS 2"]
[Result "0-1"]
[PlyCount "94"]

1. d4 d5 2. e3 Nc6 3. Qf3 Nf6 4. Bd3 Bg4 5. Qf4 e6 6. e4 dxe4 7. Bxe4 Nxd4 8. Bxb7 Rb8 9. Bc6+ Ke7 10. b3 Nxc2+ 11. Kf1 Nxa1 12. Ba3+ Qd6 13. Bxd6+ cxd6 14. h3 Bh5 15. Rh2 Rc8 16. Bb7 Rc7 17. Ba6 e5 18. Qb4 Rc1+ 19. Qe1 Rxe1+ 20. Kxe1 Ne4 21. f3 Nc2+ 22. Ke2 Nc3+ 23. Nxc3 Nd4+ 24. Ke3 Nc2+ 25. Kd3 Bg6+ 26. Kc4 d5+ 27. Nxd5+ Ke6 28. Bc8+ Kd6 29. h4 Kc6 30. g3 Na3+ 31. Kc3 Bd6 32. h5 Rxc8 33. Nb4+ Kb5+ 34. Kb2 Kxb4 35. Rd2 Bf5 36. Rxd6 Rc2+ 37. Ka1 Kc3 38. Rd1 e4 39. f4 Bg4 40. Re1 Kd2 41. Rxe4 Kc3 42. Re3+ Kd2 43. Re8 Kc3 44. Re3+ Kd4 45. Re8 Bd7 46. Rd8 Kc3 47. Rxd7 Rc1# 0-1

[Event "Junior Online 4NCL Division 5"]
[Site "online"]
[Date "2021.03.18"]
[EventDate "2021.03.18"]
[Round "5.342"]
[White "Tully, Eoin"]
[WhiteElo "700"]
[WhiteTeam "St. Laurence's BNS 2"]
[Black "Rahman, Umar"]
[BlackElo "750"]
[BlackTeam "Manchester Juniors G"]
[Result "0-1"]
[PlyCount "117"]

1. e4 e5 2. Nf3 Nc6 3. Bc4 Bc5 4. O-O Nh6 5. d3 Ng4 6. Nc3 Qf6 7. Bg5 Qg6 8. h3 Nxf2 9. Rxf2 Bxf2+ 10. Kxf2 Nd4 11. Nd5 Ne6 12. Bh4 c6 13. Nxe5 Qh6 14. Nc7+ Nxc7 15. Bxf7+ Kf8 16. Bd8 Qf4+ 17. Nf3 Qxf7 18. Bxc7 Qe7 19. Kg1 Qc5+ 20. Kh1 Ke8 21. d4 Qh5 22. g4 Qf7 23. e5 Rf8 24. Ng5 Qf4 25. Nf3 Qxf3+ 26. Qxf3 Rxf3 27. Re1 Rxh3+ 28. Kg2 Rh6 29. g5 Rg6 30. Kf3 Rxg5 31. Kf4 Rh5 32. Kg4 Rh2 33. Rg1 Rxc2 34. Rb1 d6+ 35. Kg3 dxe5 36. dxe5 Rc5 37. e6 Bxe6 38. Re1 Rg5+ 39. Kf4 h6 40. Rxe6+ Kf7 41. Rd6 Rc8 42. Rd7+ Ke6 43. Rd4 Rxc7 44. b3 Rf7+ 45. Ke3 Rg3+ 46. Ke4 Rg4+ 47. Kd3 Rxd4+ 48. Kxd4 h5 49. b4 h4 50. b5 cxb5 51. Kc5 h3 52. Kxb5 h2 53. Kc5 h1=Q 54. Kb5 Rf5+ 55. Kc4 Qh4+ 56. Kd3 Rf3+ 57. Kc2 Qf2+ 58. Kc1 Qg2 59. a4 Rf1# 0-1

[Event "Junior Online 4NCL Division 5"]
[Site "online"]
[Date "2021.03.18"]
[EventDate "2021.03.18"]
[Round "5.343"]
[White "Turner, Rufus"]
[WhiteElo "695"]
[WhiteTeam "Manchester Juniors G"]
[Black "Tully, Daragh"]
[BlackElo "700"]
[BlackTeam "St. Laurence's BNS 2"]
[Result "0-1"]
[PlyCount "62"]

1. e4 e5 2. Bc4 Nc6 3. Nf3 Nf6 4. O-O Bc5 5. a3 O-O 6. b4 Bb6 7. c3 d6 8. a4 a5 9. bxa5 Bxa5 10. Ba3 Bg4 11. d3 Bxf3 12. Qe1 Bh5 13. d4 exd4 14. Ra2 dxc3 15. Nxc3 Bxc3 16. Qc1 Bd4 17. Rd2 Rxa4 18. Bxf7+ Rxf7 19. Rd3 Nxe4 20. Rh3 g6 21. Rd3 Qf6 22. Re1 Qxf2+ 23. Kh1 Nf6 24. Rde3 Bxe3 25. Rxe3 Nd5 26. Re8+ Rf8 27. Re1 Rxa3 28. Re6 Rc3 29. Qg1 Qxg1+ 30. Kxg1 Rc1+ 31. Re1 Rxe1# 0-1

[Event "Junior Online 4NCL Division 5"]
[Site "online"]
[Date "2021.03.18"]
[EventDate "2021.03.18"]
[Round "5.344"]
[White "Savage, Harry"]
[WhiteElo "700"]
[WhiteTeam "St. Laurence's BNS 2"]
[Black "Pilditch, Erika"]
[BlackElo "680"]
[BlackTeam "Manchester Juniors G"]
[Result "1-0"]
[PlyCount "93"]

1. e4 e5 2. Nf3 Nc6 3. Nc3 Nf6 4. Bc4 d6 5. Ng5 Bg4 6. f3 Bh5 7. O-O Qe7 8. d3 O-O-O 9. g4 Bg6 10. Be3 Nd4 11. Rf2 h6 12. Nh3 c6 13. Kf1 d5 14. exd5 cxd5 15. Bb5 a6 16. Ba4 b5 17. Bb3 Qe8 18. Bxd5 Nxd5 19. Nxd5 Rxd5 20. c3 Ne6 21. Rc1 Bxd3+ 22. Ke1 Be4 23. Qe2 Bd3 24. Qd2 Bc5 25. Bxc5 Nxc5 26. Qe3 g5 27. Rd2 Qe6 28. b4 h5 29. Nxg5 Qg6 30. bxc5 Rhd8 31. c6 hxg4 32. fxg4 Qxc6 33. Nxf7 R8d7 34. Nxe5 Rxe5 35. Qxe5 Qh1+ 36. Kf2 Qxc1 37. Qe8+ Kc7 38. Qe5+ Kd8 39. Qf6+ Kc7 40. Qf4+ Rd6 41. Qf7+ Kc6 42. Qf3+ Be4 43. Qxe4+ Kc5 44. Qe5+ Kc6 45. Rxd6+ Kb7 46. Qe7+ Kc8 47. Rd8# 1-0

[Event "Junior Online 4NCL Division 5"]
[Site "online"]
[Date "2021.03.18"]
[EventDate "2021.03.18"]
[Round "5.345"]
[White "O'Donnell, Donal"]
[WhiteElo "700"]
[WhiteTeam "St. Laurence's BNS 2"]
[Black "Shaktawat, Shaurya"]
[BlackElo "845"]
[BlackTeam "Manchester Juniors G"]
[Result "1-0"]
[PlyCount "123"]

1. e4 e5 2. Nf3 Nc6 3. Nc3 d6 4. d3 Nf6 5. g3 g5 6. Bg2 h6 7. Be3 Be6 8. O-O b6 9. b3 a5 10. a4 Be7 11. Nb5 O-O 12. Ra2 Qc8 13. Rb2 Qa6 14. Nxc7 Qb7 15. Nxa8 Qxa8 16. Bxb6 Qa6 17. Be3 Ng4 18. Bd2 Qb6 19. Qe2 Qc5 20. Ra2 Bd8 21. Be1 Nd4 22. Nxd4 Qxd4 23. Bh3 h5 24. Bg2 Nf6 25. Bd2 Bg4 26. Qe1 d5 27. Be3 Qb4 28. Qxb4 axb4 29. Bxg5 dxe4 30. Bxf6 Bxf6 31. dxe4 Bg5 32. h3 Be2 33. Re1 Ba6 34. Raa1 Rd8 35. Rad1 Be2 36. Rxd8+ Bxd8 37. Rxe2 f6 38. Bf3 Kg7 39. Bxh5 Kh6 40. Bg4 Kh7 41. Rd2 Bb6 42. Rd6 Ba7 43. Rxf6 Bb8 44. Bf5+ Kg7 45. Re6 Kf7 46. g4 Kg7 47. g5 Kf7 48. g6+ Kg7 49. h4 Bc7 50. h5 Bd8 51. h6+ Kxh6 52. Rxe5 Bf6 53. Re6 Bg7 54. Kg2 Ba1 55. Kh3 Bg7 56. Kg4 Ba1 57. g7+ Kxg7 58. Kg5 Bc3 59. Re7+ Kf8 60. Ra7 Bh8 61. Kg6 Kg8 62. Ra8# 1-0

[Event "Junior Online 4NCL Division 5"]
[Site "online"]
[Date "2021.03.18"]
[EventDate "2021.03.18"]
[Round "5.347"]
[White "Tully, Daragh"]
[WhiteElo "700"]
[WhiteTeam "St. Laurence's BNS 2"]
[Black "Turner, Rufus"]
[BlackElo "695"]
[BlackTeam "Manchester Juniors G"]
[Result "1-0"]
[PlyCount "41"]

1. e4 e5 2. Nf3 Bc5 3. Nc3 Nf6 4. Bc4 O-O 5. O-O Ng4 6. h3 Nf6 7. Nxe5 Nxe4 8. Nxe4 Bxf2+ 9. Rxf2 c5 10. Qf3 d6 11. Nd3 Nd7 12. Nxd6 a6 13. Qg3 b5 14. Bd5 Nf6 15. Nxc5 Nxd5 16. d4 b4 17. Bh6 g6 18. Bxf8 Kxf8 19. Qe5 Rb8 20. Qxd5 Rb5 21. Qxf7# 1-0

[Event "Junior Online 4NCL Division 5"]
[Site "online"]
[Date "2021.03.18"]
[EventDate "2021.03.18"]
[Round "5.348"]
[White "Pilditch, Erika"]
[WhiteElo "680"]
[WhiteTeam "Manchester Juniors G"]
[Black "Savage, Harry"]
[BlackElo "700"]
[BlackTeam "St. Laurence's BNS 2"]
[Result "0-1"]
[PlyCount "76"]

1. e4 e5 2. d4 exd4 3. Qxd4 Nc6 4. Qd1 Nf6 5. Qe2 Nd4 6. Qe3 Nxc2+ 7. Kd2 Nxe3 8. Kxe3 Ng4+ 9. Kf3 d5 10. e5 Bc5 11. Kf4 Nxf2 12. Bb5+ c6 13. Be3 Bxe3+ 14. Kxe3 Nxh1 15. Bd3 O-O 16. Nh3 f6 17. exf6 Qxf6 18. Nc3 Bxh3 19. Rxh1 Bxg2 20. Kd2 Bxh1 21. Nxd5 cxd5 22. Bxh7+ Kxh7 23. Kd3 Qf3+ 24. Kd4 Qe4+ 25. Kc5 Rfd8 26. a4 Rac8+ 27. Kb5 a6+ 28. Ka5 Rc5+ 29. Kb6 Qb4+ 30. Ka7 Ra8+ 31. Kxa8 Rc8+ 32. Ka7 Qc5+ 33. Kxb7 Qc6+ 34. Ka7 Qc7+ 35. Kxa6 Qc4+ 36. Kb7 Qc6+ 37. Ka7 Rc7+ 38. Kb8 Qb7# 0-1

[Event "Junior Online 4NCL Division 5"]
[Site "online"]
[Date "2021.03.18"]
[EventDate "2021.03.18"]
[Round "5.351"]
[White "Barrio, Ricardo"]
[WhiteElo "1075"]
[WhiteTeam "Ojays H"]
[Black "Block, Leo"]
[BlackElo "837"]
[BlackTeam "Eden Primary Knights"]
[Result "1-0"]
[PlyCount "31"]

1. e4 e5 2. Nf3 Nc6 3. Bc4 Nf6 4. Nc3 Bd6 5. d3 Bb4 6. Bd2 d6 7. O-O Bg4 8. Bg5 O-O 9. Nd5 Ne7 10. Nxf6+ gxf6 11. Bxf6 Qe8 12. c3 d5 13. exd5 Bd7 14. Qd2 Bd6 15. Qh6 Bf5 16. Qg7# 1-0

[Event "Junior Online 4NCL Division 5"]
[Site "online"]
[Date "2021.03.18"]
[EventDate "2021.03.18"]
[Round "5.352"]
[White "Feldman, Joshua"]
[WhiteElo "753"]
[WhiteTeam "Eden Primary Knights"]
[Black "Conlon, George"]
[BlackElo "925"]
[BlackTeam "Ojays H"]
[Result "0-1"]
[PlyCount "86"]

1. e4 d5 2. d3 d4 3. Nf3 Nc6 4. Be2 Nf6 5. O-O e5 6. c3 Bc5 7. Bg5 O-O 8. Nbd2 Qd6 9. Nc4 Qe6 10. Nh4 Ng4 11. Bxg4 Qxg4 12. Qxg4 Bxg4 13. cxd4 Bxd4 14. Rfe1 f6 15. Be3 Nb4 16. Bxd4 Nc2 17. Bc3 Nxe1 18. Bxe1 Rad8 19. Nf5 Rxd3 20. h3 Bxf5 21. Bb4 Bxe4 22. Bxf8 Kxf8 23. f3 Bd5 24. Na5 b6 25. Nb3 Bxb3 26. axb3 Rxb3 27. Re1 Rxb2 28. Re4 a5 29. Ra4 Rb4 30. Ra3 b5 31. Rxa5 c5 32. Rxb5 Rxb5 33. h4 h5 34. f4 exf4 35. g4 hxg4 36. h5 c4 37. Kf1 c3 38. Ke1 Rd5 39. Ke2 c2 40. Ke1 c1=Q+ 41. Ke2 Qc3 42. Kf2 Rd2+ 43. Kg1 Qc1# 0-1

[Event "Junior Online 4NCL Division 5"]
[Site "online"]
[Date "2021.03.18"]
[EventDate "2021.03.18"]
[Round "5.353"]
[White "Barrio Lopez, Carlos"]
[WhiteElo "918"]
[WhiteTeam "Ojays H"]
[Black "Querfurth Waterman, Maya"]
[BlackElo "742"]
[BlackTeam "Eden Primary Knights"]
[Result "1-0"]
[PlyCount "31"]

1. e4 e5 2. Nf3 Nf6 3. Nc3 Nc6 4. Bc4 Bc5 5. d3 O-O 6. Be3 b5 7. Bxc5 d6 8. Be3 bxc4 9. dxc4 Na5 10. Ng5 Bg4 11. Qd2 Nxe4 12. Ncxe4 Nxc4 13. Qd5 Be6 14. Qd1 Nxb2 15. Qh5 Nc4 16. Qxh7# 1-0

[Event "Junior Online 4NCL Division 5"]
[Site "online"]
[Date "2021.03.18"]
[EventDate "2021.03.18"]
[Round "5.354"]
[White "Lasserson, Gabriel"]
[WhiteElo "774"]
[WhiteTeam "Eden Primary Knights"]
[Black "Simon, Logan"]
[BlackElo "900"]
[BlackTeam "Ojays H"]
[Result "1/2-1/2"]
[PlyCount "97"]

1. e4 e5 2. Nf3 d5 3. d3 dxe4 4. dxe4 c5 5. Bb5+ Nc6 6. Ba4 Nf6 7. Bb3 Nxe4 8. Nc3 Nxf2 9. Kxf2 Qxd1 10. Rxd1 Bf5 11. Ng5 Bxc2 12. Bxc2 f6 13. Ne6 b5 14. Nc7+ Ke7 15. Nxa8 Kf7 16. Rd7+ Ke8 17. Rxa7 Nxa7 18. Nd5 Bd6 19. Ndc7+ Bxc7 20. Nxc7+ Kd7 21. Nxb5 Ke8 22. Nc7+ Kd7 23. Nd5 Kd8 24. Ba4 Nb5 25. Bxb5 c4 26. Bxc4 e4 27. Bd2 e3+ 28. Kxe3 Ke8 29. Nc7+ Kd8 30. Ba5 Ke7 31. Rd1 Kf8 32. Rd8+ Ke7 33. Rxh8 Kd7 34. Na6 g5 35. Rxh7+ Kd6 36. Rb7 f5 37. Rb6+ Ke5 38. Nc5 f4+ 39. Kf3 Kd4 40. Ba6 g4+ 41. Kxg4 Ke3 42. Re6+ Kf2 43. Nd3+ Kxg2 44. Re2+ Kh1 45. Nf2+ Kxh2 46. Ne4+ Kg1 47. Bb6+ Kf1 48. Ng3+ fxg3 49. Kxg3 1/2-1/2

[Event "Junior Online 4NCL Division 5"]
[Site "online"]
[Date "2021.03.18"]
[EventDate "2021.03.18"]
[Round "5.355"]
[White "Block, Leo"]
[WhiteElo "837"]
[WhiteTeam "Eden Primary Knights"]
[Black "Barrio, Ricardo"]
[BlackElo "1075"]
[BlackTeam "Ojays H"]
[Result "1-0"]
[PlyCount "99"]

1. e4 c5 2. Bc4 d6 3. Nc3 Nc6 4. Nf3 Nf6 5. d3 g6 6. Be3 Bg7 7. O-O O-O 8. Qe2 Bg4 9. g3 Bxf3 10. Qxf3 Qd7 11. Nb5 Qh3 12. Qg2 Qg4 13. Nc7 Rac8 14. f3 Qd7 15. Nb5 h5 16. Nxa7 Rc7 17. Nb5 Rcc8 18. Qd2 e6 19. Qa5 d5 20. Qb6 dxc4 21. Bxc5 e5 22. dxc4 Nd4 23. Bxf8 Bxf8 24. Qxf6 Ne2+ 25. Kf2 Nd4 26. Rfd1 Nxc2 27. Rac1 Bc5+ 28. Ke2 Nd4+ 29. Nxd4 Bxd4 30. Kd3 Bxb2+ 31. Kc2 Rxc4+ 32. Kxb2 Qa4 33. Rxc4 Qxc4 34. Qd8+ Kg7 35. Qg5 Qb4+ 36. Kc2 Qa3 37. Qxe5+ f6 38. Qe7+ Kh6 39. Qxa3 b6 40. Qb3 b5 41. Qxb5 g5 42. g4 hxg4 43. fxg4 Kg6 44. Rd5 Kg7 45. Rd6 Kg6 46. Qe8+ Kh6 47. Qh8+ Kg6 48. Qxf6+ Kh7 49. Qf7+ Kh8 50. Rd8# 1-0

[Event "Junior Online 4NCL Division 5"]
[Site "online"]
[Date "2021.03.18"]
[EventDate "2021.03.18"]
[Round "5.356"]
[White "Conlon, George"]
[WhiteElo "925"]
[WhiteTeam "Ojays H"]
[Black "Feldman, Joshua"]
[BlackElo "753"]
[BlackTeam "Eden Primary Knights"]
[Result "1-0"]
[PlyCount "27"]

1. e4 e5 2. Nf3 Nc6 3. Bc4 Bc5 4. b4 Bxb4 5. c3 Bc5 6. d4 Bb6 7. O-O Nf6 8. Nxe5 Nxe5 9. dxe5 Nxe4 10. Qf3 f6 11. Qxe4 Bxf2+ 12. Rxf2 f5 13. Qd5 c6 14. Qf7# 1-0

[Event "Junior Online 4NCL Division 5"]
[Site "online"]
[Date "2021.03.18"]
[EventDate "2021.03.18"]
[Round "5.357"]
[White "Querfurth Waterman, Maya"]
[WhiteElo "742"]
[WhiteTeam "Eden Primary Knights"]
[Black "Barrio Lopez, Carlos"]
[BlackElo "918"]
[BlackTeam "Ojays H"]
[Result "1-0"]
[PlyCount "67"]

1. e4 e5 2. Bc4 Nf6 3. Nf3 Nc6 4. Ng5 d5 5. exd5 Bg4 6. Nf3 Nxd5 7. d3 Bb4+ 8. c3 Bxc3+ 9. bxc3 Nf6 10. Bg5 e4 11. h3 exf3 12. hxg4 fxg2 13. Rg1 Qe7+ 14. Be3 Nxg4 15. Qxg4 Ne5 16. Qxg7 O-O-O 17. Rxg2 Nf3+ 18. Ke2 Nh4 19. Qg4+ Kb8 20. Rh2 Ng6 21. Kd2 Qd6 22. d4 Ne5 23. Qe4 Nxc4+ 24. Kd3 Qxh2 25. Kxc4 Qd6 26. Bf4 Qa6+ 27. Kb3 Qb5+ 28. Ka3 Rhe8 29. Qc2 Rd5 30. c4 Qxc4 31. Qxc4 Ra5+ 32. Kb4 b6 33. Qxc7+ Ka8 34. Qc6# 1-0

[Event "Junior Online 4NCL Division 5"]
[Site "online"]
[Date "2021.03.18"]
[EventDate "2021.03.18"]
[Round "5.358"]
[White "Simon, Logan"]
[WhiteElo "900"]
[WhiteTeam "Ojays H"]
[Black "Lasserson, Gabriel"]
[BlackElo "774"]
[BlackTeam "Eden Primary Knights"]
[Result "1-0"]
[PlyCount "39"]

1. e4 e5 2. Bb5 Bb4 3. Nc3 Nc6 4. Nf3 Nf6 5. Nxe5 Nxe4 6. Nxe4 Nxe5 7. Bxd7+ Bxd7 8. O-O f5 9. Ng3 f4 10. Nf5 g6 11. Nd4 c5 12. Ne6 Ke7 13. Nxd8 Kxd8 14. Re1 Ng4 15. Qf3 a5 16. Qxb7 Rc8 17. d3 Bd2 18. Bxd2 a4 19. Ba5+ Rc7 20. Qxc7# 1-0

[Event "Junior Online 4NCL Division 5"]
[Site "online"]
[Date "2021.03.18"]
[EventDate "2021.03.18"]
[Round "5.362"]
[White "Jones, Theo"]
[WhiteElo "985"]
[WhiteTeam "Uxbridge Juniors Eagles"]
[Black "Saraty, Thomas"]
[BlackElo "865"]
[BlackTeam "Surrey Kings 7"]
[Result "0-1"]
[PlyCount "28"]

1. Nf3 d5 2. Nc3 Nf6 3. Ne5 Nc6 4. Nxc6 bxc6 5. e3 Bg4 6. Be2 Bxe2 7. Qxe2 Ne4 8. d3 Nxc3 9. bxc3 Qd6 10. O-O O-O-O 11. h3 Qe5 12. Bb2 e6 13. Rab1 Bd6 14. c4 Qh2# 0-1